00466nam a22001691a 450000500170000000800410001702000090005804000260006705000200009308200200011324500320013326000590016530000120022450000290023660000280026585200030029320110718133034.0091005s1988 miu 001 0 eng d c0.00 aNEGST Library - Kenya 4aBS 325.T86 19880 aBS 325.T86 198801a"Gegin min di -kamin=Tumag. aGrand Rapids, Michigan :bBibles International,c1988. a772 p.; aAfricanan Includes maps.10aTumag language - Bible.